000 01178nam a2200253 4500
001 6014
010 _a9789727125814
021 _b309821/10
090 _a6014
100 _a20250924d2010 c y0pory5003 ba
200 1 _aHoje não há farinha
_ftexto adapatado Pedro Matias Maria
_gil. Gombby
210 9 _aAlfragide
_cNovaGaia
_d2010
215 _a[24] p.
_ctodo il.
225 2 _aGombby
_v3
330 _aO Catavento não aparece com a farinha que o Gombby lhe encomendou e o Brigadeiro oferece-se para ir com o Gombby no Comboio Baloiço até ao Moinho, para ver o que teria acontecido. Encontram o Catavento a meio do túnel, onde o seu Comboio tinha ficado parado, mas, para azar, também o Comboio Baloiço sofre uma avaria e fica imobilizado. A situação é salva com a ajuda dos amigos da Ilha Verde, sobretudo do Engenhocas que depressa inventa uma forma de ultrapassar o problema!
606 _914
_aLiteratura infantil
606 _915
_aLiteratura Portuguesa
675 _a82-93
_vBN
_zpor
675 _a821.134.3
_vBN
_zpor
702 _aMaria
_bPedro Matias
_95700
712 _aGombby
_95701
801 0 _aPT
_bBEN2VN
_gRPC
830 _cTânia Croca
_d24/09/2025
990 _cLIVROS